Statistiche per Allenatori più vincenti della storia del Barcellona

Clicka qui per fare il quiz!

Statistiche generali

  • Questo quiz è stato fatto 18 volte
  • Il punteggio medio è 4 su 11

Statistiche sulle risposte

NazionePeriodoTotale trofeiTrofei vintiAllenatore% Corretto
Spagna2008-2012143 Campionati spagnoli; 2 Coppe del Re; 2 Supercoppe di Spagna; 2 UEFA Champions League; 2 Supercoppe UEFA; 2 Coppe del mondo per club FIFAJosep Guardiola
87%
Spagna2014-201792 Campionati spagnoli; 3 Coppe del Re; 1 Supercoppa di Spagna; 1 UEFA Champions League; 1 Supercoppa UEFA; 1 Coppa del mondo per club FIFALuis Enrique
80%
Paesi Bassi2003-200852 Campionati spagnoli; 2 Supercoppe di Spagna; 1 UEFA Champions LeagueFrank Rijkaard
73%
Paesi Bassi1988-1996114 Campionati spagnoli; 1 Coppa del Re; 3 Supercoppe di Spagna; 1 Coppa dei Campioni; 1 Coppa delle Coppe, 1 Supercoppa UEFAJohan Cruyff
47%
Paesi Bassi1997-2000; 2002-200342 Campionati spagnoli; 1 Coppa del Re; 1 Supercoppa UEFALouis Van Gaal
47%
Spagna2017-202042 Campionati spagnoli; 1 Coppa del Re; 1 Supercoppa di SpagnaErnesto Valverde
33%
Inghilterra1996-199731 Coppa del Re; 1 Supercoppa di Spagna; 1 Coppa delle CoppeBobby Robson
7%
Argentina1983-198431 Coppa del Re; 1 Supercoppa di Spagna; 1 Copa de la LigaCésar Luis Menotti
7%
Argentina1958-1960; 1980-198142 Campionati spagnoli; 2 Coppe del ReHelenio Herrera
7%
Svizzera1902-191333 Coppe del ReJoan Gamper
7%
Slovacchia1950-195452 Campionati spagnoli; 3 Coppe del ReFerdinand Daucik
0%

Distribuzione punteggi

Percentile per numero di risposta

Percentuale di utenti per punteggio

I tuoi punteggi nel tempo

Non hai fatto questo quiz